[Event "Team Championship (men rapid)"]
[Site "Sochi"]
[Date "2017.10.03"]
[Round "5.4"]
[White "Bocharov, Dmitry"]
[Black "Shirov, Alexei"]
[Result "1-0"]
[LiveChessVersion "1.4.8"]
[BlackElo "2667"]
[WhiteElo "2580"]

1. c4 {[%clk 0:15:05]} e5 {[%clk 0:15:19]} 2. d3 {[%clk 0:15:09]} c6
{[%clk 0:14:57]} 3. Nf3 {[%clk 0:15:16]} Nf6 {[%clk 0:15:05]} 4. Nc3
{[%clk 0:15:13]} Bd6 {[%clk 0:14:16]} 5. g3 {[%clk 0:14:19]} O-O {[%clk 0:14:11]}
6. Bg2 {[%clk 0:14:27]} Bc7 {[%clk 0:14:08]} 7. O-O {[%clk 0:14:34]} h6
{[%clk 0:14:00]} 8. e4 {[%clk 0:14:37]} d5 {[%clk 0:13:53]} 9. cxd5
{[%clk 0:14:06]} cxd5 {[%clk 0:14:02]} 10. exd5 {[%clk 0:14:13]} Nxd5
{[%clk 0:14:09]} 11. Nxd5 {[%clk 0:14:21]} Qxd5 {[%clk 0:14:17]} 12. Re1
{[%clk 0:14:29]} Qa5 {[%clk 0:12:03]} 13. Bd2 {[%clk 0:13:21]} Qb5
{[%clk 0:12:11]} 14. Bc3 {[%clk 0:11:32]} Nc6 {[%clk 0:08:40]} 15. a4
{[%clk 0:10:30]} Qb6 {[%clk 0:08:48]} 16. a5 {[%clk 0:07:57]} Qb5
{[%clk 0:08:57]} 17. d4 {[%clk 0:07:55]} Bg4 {[%clk 0:07:55]} 18. dxe5
{[%clk 0:06:52]} Nxe5 {[%clk 0:03:18]} 19. Bxe5 {[%clk 0:06:05]} Bxf3
{[%clk 0:03:27]} 20. Bxf3 {[%clk 0:05:07]} Bxe5 {[%clk 0:03:35]} 21. a6
{[%clk 0:04:47]} Qxb2 {[%clk 0:02:48]} 22. Rb1 {[%clk 0:04:05]} Qc3
{[%clk 0:02:08]} 23. Re3 {[%clk 0:03:49]} Qc5 {[%clk 0:01:15]} 24. axb7
{[%clk 0:03:37]} Rad8 {[%clk 0:01:24]} 25. Qb3 {[%clk 0:02:41]} a5
{[%clk 0:01:08]} 26. Kg2 {[%clk 0:02:47]} Bb8 {[%clk 0:01:01]} 27. Qb5
{[%clk 0:02:39]} Qa7 {[%clk 0:01:00]} 28. Rb2 {[%clk 0:02:18]} Bd6
{[%clk 0:00:42]} 29. Ra2 {[%clk 0:02:19]} Bc7 {[%clk 0:00:39]} 30. Rc3
{[%clk 0:02:13]} Bb6 {[%clk 0:00:43]} 31. Rac2 {[%clk 0:02:17]} Rb8
{[%clk 0:00:24]} 32. Rc8 {[%clk 0:02:06]} a4 {[%clk 0:00:17]} 33. Rxb8
{[%clk 0:01:58]} Rxb8 {[%clk 0:00:22]} 34. Rc8+ {[%clk 0:02:05]} 1-0

[Event "Team Championship (men rapid)"]
[Site "Sochi"]
[Date "2017.10.03"]
[Round "5.6"]
[White "Khismatullin, Denis"]
[Black "Grachev, Boris"]
[Result "0-1"]
[LiveChessVersion "1.4.8"]
[BlackElo "2651"]
[WhiteElo "2600"]

1. c4 {[%clk 0:15:18]} e6 {[%clk 0:15:18]} 2. Nf3 {[%clk 0:15:27]} d5
{[%clk 0:15:27]} 3. e3 {[%clk 0:15:36]} Nf6 {[%clk 0:15:29]} 4. Nc3
{[%clk 0:15:44]} dxc4 {[%clk 0:14:47]} 5. Bxc4 {[%clk 0:15:46]} a6
{[%clk 0:14:54]} 6. b3 {[%clk 0:14:10]} Be7 {[%clk 0:14:24]} 7. Bb2
{[%clk 0:13:25]} O-O {[%clk 0:14:28]} 8. Be2 {[%clk 0:12:15]} c5 {[%clk 0:14:11]}
9. Rg1 {[%clk 0:12:23]} b5 {[%clk 0:13:07]} 10. g4 {[%clk 0:12:20]} b4
{[%clk 0:12:17]} 11. Na4 {[%clk 0:10:04]} Bb7 {[%clk 0:10:18]} 12. g5
{[%clk 0:09:36]} Nd5 {[%clk 0:10:10]} 13. Qc2 {[%clk 0:09:33]} Nd7
{[%clk 0:09:58]} 14. Qe4 {[%clk 0:08:10]} Qc7 {[%clk 0:08:22]} 15. Bd3
{[%clk 0:06:32]} g6 {[%clk 0:08:22]} 16. Qg4 {[%clk 0:04:58]} Bd6
{[%clk 0:07:19]} 17. Rc1 {[%clk 0:04:04]} Bc6 {[%clk 0:05:31]} 18. h4
{[%clk 0:03:24]} Bxa4 {[%clk 0:05:34]} 19. bxa4 {[%clk 0:03:22]} Ne5
{[%clk 0:05:14]} 20. Bxe5 {[%clk 0:02:45]} Bxe5 {[%clk 0:05:22]} 21. h5
{[%clk 0:02:42]} Bb2 {[%clk 0:04:27]} 22. Rc2 {[%clk 0:02:41]} Bg7
{[%clk 0:04:34]} 23. Ke2 {[%clk 0:02:49]} Rfd8 {[%clk 0:04:19]} 24. Rgc1
{[%clk 0:02:01]} Qd7 {[%clk 0:04:15]} 25. Ne1 {[%clk 0:01:32]} Qxa4
{[%clk 0:03:03]} 26. hxg6 {[%clk 0:01:28]} hxg6 {[%clk 0:03:10]} 27. Rxc5
{[%clk 0:01:23]} Qxa2 {[%clk 0:02:58]} 28. R1c2 {[%clk 0:00:50]} Qa4
{[%clk 0:01:19]} 29. Bxg6 {[%clk 0:00:55]} Qd7 {[%clk 0:01:20]} 30. Be4
{[%clk 0:00:43]} b3 {[%clk 0:01:26]} 31. R2c4 {[%clk 0:00:17]} Nb6
{[%clk 0:01:08]} 32. Bxa8 {[%clk 0:00:13]} Qxd2+ {[%clk 0:01:09]} 33. Kf1
{[%clk 0:00:22]} Nxc4 {[%clk 0:00:28]} 34. Qxc4 {[%clk 0:00:30]} Rxa8
{[%clk 0:00:29]} 35. Qxb3 {[%clk 0:00:21]} Qd6 {[%clk 0:00:25]} 36. Qc4
{[%clk 0:00:17]} a5 {[%clk 0:00:27]} 37. Nd3 {[%clk 0:00:15]} a4 {[%clk 0:00:33]}
38. Qe4 {[%clk 0:00:15]} Rd8 {[%clk 0:00:37]} 39. Ke2 {[%clk 0:00:21]} a3
{[%clk 0:00:19]} 40. Ra5 {[%clk 0:00:25]} Bc3 {[%clk 0:00:19]} 41. Ra7
{[%clk 0:00:25]} Qb6 {[%clk 0:00:23]} 42. Rxa3 {[%clk 0:00:17]} Rxd3
{[%clk 0:00:21]} 43. Qxd3 {[%clk 0:00:15]} Qb2+ {[%clk 0:00:29]} 44. Kf3
{[%clk 0:00:22]} Qxa3 {[%clk 0:00:38]} 45. g6 {[%clk 0:00:27]} Qa8+
{[%clk 0:00:33]} 46. Kg3 {[%clk 0:00:27]} Bf6 {[%clk 0:00:21]} 47. Qd7
{[%clk 0:00:24]} Qf8 {[%clk 0:00:17]} 48. f4 {[%clk 0:00:18]} Be7
{[%clk 0:00:19]} 49. gxf7+ {[%clk 0:00:15]} Qxf7 {[%clk 0:00:28]} 50. Qc8+
{[%clk 0:00:23]} Kg7 {[%clk 0:00:30]} 51. Kf2 {[%clk 0:00:17]} Qf5
{[%clk 0:00:24]} 52. Qd7 {[%clk 0:00:17]} Kf7 {[%clk 0:00:24]} 53. Ke2
{[%clk 0:00:15]} Qh5+ {[%clk 0:00:22]} 54. Kf2 {[%clk 0:00:14]} Qg4
{[%clk 0:00:28]} 55. Qb7 {[%clk 0:00:18]} Qh4+ {[%clk 0:00:30]} 56. Kg2
{[%clk 0:00:21]} Qg4+ {[%clk 0:00:30]} 57. Kf2 {[%clk 0:00:29]} Qg6
{[%clk 0:00:34]} 58. Ke2 {[%clk 0:00:31]} Qc2+ {[%clk 0:00:40]} 59. Kf3
{[%clk 0:00:35]} Qd1+ {[%clk 0:00:32]} 60. Kf2 {[%clk 0:00:38]} Kf8
{[%clk 0:00:23]} 61. Qc8+ {[%clk 0:00:43]} Kf7 {[%clk 0:00:29]} 62. Qb7
{[%clk 0:00:48]} Qd2+ {[%clk 0:00:31]} 63. Kf3 {[%clk 0:00:49]} Qh2
{[%clk 0:00:23]} 64. Qd7 {[%clk 0:00:44]} Qh3+ {[%clk 0:00:25]} 65. Kf2
{[%clk 0:00:38]} Kf8 {[%clk 0:00:19]} 66. Qc8+ {[%clk 0:00:44]} Kg7
{[%clk 0:00:25]} 67. Qd7 {[%clk 0:00:41]} Kf7 {[%clk 0:00:31]} 68. Qb7
{[%clk 0:00:30]} Qh2+ {[%clk 0:00:20]} 69. Ke1 {[%clk 0:00:13]} Qc2
{[%clk 0:00:19]} 70. Qd7 {[%clk 0:00:14]} Kf8 {[%clk 0:00:25]} 71. Kf1
{[%clk 0:00:16]} Bh4 {[%clk 0:00:23]} 72. Qd6+ {[%clk 0:00:19]} Kf7
{[%clk 0:00:21]} 73. Qd7+ {[%clk 0:00:23]} Be7 {[%clk 0:00:27]} 74. Ke1
{[%clk 0:00:19]} Kf6 {[%clk 0:00:22]} 75. Kf1 {[%clk 0:00:16]} Qe4
{[%clk 0:00:20]} 76. Kf2 {[%clk 0:00:12]} Qd5 {[%clk 0:00:19]} 77. Qc8
{[%clk 0:00:14]} Bc5 {[%clk 0:00:17]} 78. Qh8+ {[%clk 0:00:16]} Ke7
{[%clk 0:00:24]} 79. Qg7+ {[%clk 0:00:22]} Kd8 {[%clk 0:00:27]} 80. Qh8+
{[%clk 0:00:21]} Kc7 {[%clk 0:00:35]} 81. Qh7+ {[%clk 0:00:15]} Kd6
{[%clk 0:00:23]} 82. Qc2 {[%clk 0:00:16]} Qf5 {[%clk 0:00:32]} 83. Qd2+
{[%clk 0:00:15]} Ke7 {[%clk 0:00:41]} 84. Kf3 {[%clk 0:00:13]} Qh3+
{[%clk 0:00:41]} 85. Ke4 {[%clk 0:00:13]} Qh1+ {[%clk 0:00:41]} 86. Kd3
{[%clk 0:00:12]} Qd5+ {[%clk 0:00:48]} 87. Ke2 {[%clk 0:00:21]} Qxd2+
{[%clk 0:00:26]} 88. Kxd2 {[%clk 0:00:30]} Bd6 {[%clk 0:00:18]} 89. Ke2
{[%clk 0:00:24]} Kf6 {[%clk 0:00:22]} 90. Kf3 {[%clk 0:00:31]} Ba3
{[%clk 0:00:30]} 91. Ke4 {[%clk 0:00:24]} Bc1 {[%clk 0:00:37]} 92. Kf3
{[%clk 0:00:30]} Kf5 {[%clk 0:00:29]} 93. e4+ {[%clk 0:00:38]} Kf6
{[%clk 0:00:38]} 94. Kg3 {[%clk 0:00:39]} Kg7 {[%clk 0:00:24]} 95. Kf3
{[%clk 0:00:15]} Kh6 {[%clk 0:00:28]} 96. Kg4 {[%clk 0:00:20]} Bd2
{[%clk 0:00:34]} 97. Kf3 {[%clk 0:00:16]} Kh5 {[%clk 0:00:37]} 98. Kg3
{[%clk 0:00:21]} Bc1 {[%clk 0:00:42]} 99. Kf3 {[%clk 0:00:27]} Kh4
{[%clk 0:00:44]} 0-1

[Event "Team Championship (men rapid)"]
[Site "Sochi"]
[Date "2017.10.03"]
[Round "5.7"]
[White "Popov, Ivan"]
[Black "Pridorozhni, Aleksei"]
[Result "1/2-1/2"]
[LiveChessVersion "1.4.8"]
[BlackElo "2653"]
[WhiteElo "2674"]

1. e4 {[%clk 0:15:19]} e5 {[%clk 0:15:19]} 2. Nf3 {[%clk 0:15:27]} Nc6
{[%clk 0:15:27]} 3. Bc4 {[%clk 0:15:36]} Bc5 {[%clk 0:15:35]} 4. O-O
{[%clk 0:15:44]} Nf6 {[%clk 0:15:42]} 5. d3 {[%clk 0:15:52]} d6 {[%clk 0:15:43]}
6. c3 {[%clk 0:15:57]} Bb6 {[%clk 0:15:51]} 7. a4 {[%clk 0:15:53]} a6
{[%clk 0:15:59]} 8. Re1 {[%clk 0:15:48]} O-O {[%clk 0:15:07]} 9. h3
{[%clk 0:15:54]} Ne7 {[%clk 0:15:07]} 10. Nbd2 {[%clk 0:15:29]} Ng6
{[%clk 0:15:13]} 11. a5 {[%clk 0:14:15]} Ba7 {[%clk 0:15:21]} 12. Bb3
{[%clk 0:14:16]} h6 {[%clk 0:14:46]} 13. d4 {[%clk 0:14:18]} Re8 {[%clk 0:14:32]}
14. Bc2 {[%clk 0:14:24]} Be6 {[%clk 0:14:10]} 15. Nf1 {[%clk 0:14:22]} c6
{[%clk 0:13:47]} 16. Ng3 {[%clk 0:14:07]} Qc7 {[%clk 0:13:52]} 17. Be3
{[%clk 0:13:42]} Rad8 {[%clk 0:09:51]} 18. Qe2 {[%clk 0:12:55]} Qb8
{[%clk 0:06:38]} 19. Rad1 {[%clk 0:12:16]} Bc8 {[%clk 0:06:45]} 20. b4
{[%clk 0:11:33]} b5 {[%clk 0:06:12]} 21. axb6 {[%clk 0:09:04]} Bxb6
{[%clk 0:06:20]} 22. Bb3 {[%clk 0:08:18]} Qc7 {[%clk 0:05:56]} 23. Qa2
{[%clk 0:07:05]} exd4 {[%clk 0:03:48]} 24. Bxd4 {[%clk 0:06:47]} Bxd4
{[%clk 0:03:56]} 25. cxd4 {[%clk 0:06:40]} Re7 {[%clk 0:03:09]} 26. Rc1
{[%clk 0:04:34]} Qb6 {[%clk 0:02:57]} 27. Nf5 {[%clk 0:03:10]} Rc7
{[%clk 0:02:49]} 28. Nxd6 {[%clk 0:03:03]} Rxd6 {[%clk 0:02:40]} 29. e5
{[%clk 0:03:12]} Rd8 {[%clk 0:02:25]} 30. exf6 {[%clk 0:03:19]} gxf6
{[%clk 0:02:12]} 31. Qd2 {[%clk 0:02:11]} Kg7 {[%clk 0:02:19]} 32. Rc5
{[%clk 0:02:17]} Rb7 {[%clk 0:01:57]} 33. Rh5 {[%clk 0:02:06]} Rh8
{[%clk 0:02:05]} 34. b5 {[%clk 0:01:43]} Re7 {[%clk 0:01:37]} 35. Rxe7
{[%clk 0:01:24]} Nxe7 {[%clk 0:01:45]} 36. Qe3 {[%clk 0:01:01]} Ng6
{[%clk 0:01:39]} 37. bxc6 {[%clk 0:01:07]} Qxc6 {[%clk 0:01:45]} 38. Nh4
{[%clk 0:00:51]} Nxh4 {[%clk 0:00:24]} 39. Rxh4 {[%clk 0:01:00]} Bf5
{[%clk 0:00:33]} 40. d5 {[%clk 0:00:36]} Qd6 {[%clk 0:00:39]} 41. Rc4
{[%clk 0:00:32]} Qe5 {[%clk 0:00:23]} 42. Qxe5 {[%clk 0:00:18]} fxe5
{[%clk 0:00:32]} 43. Rc7 {[%clk 0:00:20]} Rd8 {[%clk 0:00:33]} 44. d6
{[%clk 0:00:17]} Rxd6 {[%clk 0:00:32]} 45. Rxf7+ {[%clk 0:00:26]} Kg6
{[%clk 0:00:42]} 46. Ra7 {[%clk 0:00:33]} Bd3 {[%clk 0:00:37]} 47. g4
{[%clk 0:00:30]} e4 {[%clk 0:00:16]} 48. Kg2 {[%clk 0:00:32]} Kf6
{[%clk 0:00:24]} 49. f4 {[%clk 0:00:17]} exf3+ {[%clk 0:00:29]} 50. Kxf3
{[%clk 0:00:25]} Bb5 {[%clk 0:00:35]} 51. Bc2 {[%clk 0:00:17]} Rc6
{[%clk 0:00:41]} 52. Be4 {[%clk 0:00:15]} Rc3+ {[%clk 0:00:49]} 53. Kf4
{[%clk 0:00:19]} Rxh3 {[%clk 0:00:51]} 54. Rh7 {[%clk 0:00:25]} Bc4
{[%clk 0:00:38]} 55. Rxh6+ {[%clk 0:00:31]} Ke5+ 1/2-1/2

[Event "Team Championship (men rapid)"]
[Site "Sochi"]
[Date "2017.10.03"]
[Round "5.8"]
[White "Iljiushenok, Ilia"]
[Black "Kobalia, Mikhail"]
[Result "1/2-1/2"]
[LiveChessVersion "1.4.8"]
[BlackElo "2605"]
[WhiteElo "2594"]

1. e4 {[%clk 0:15:18]} e5 {[%clk 0:15:17]} 2. Nf3 {[%clk 0:15:26]} Nc6
{[%clk 0:15:26]} 3. d4 {[%clk 0:15:35]} exd4 {[%clk 0:15:34]} 4. Nxd4
{[%clk 0:15:44]} Nf6 {[%clk 0:15:34]} 5. Nxc6 {[%clk 0:15:52]} bxc6
{[%clk 0:15:43]} 6. e5 {[%clk 0:16:02]} Qe7 {[%clk 0:15:50]} 7. Qe2
{[%clk 0:16:11]} Nd5 {[%clk 0:15:59]} 8. c4 {[%clk 0:16:19]} Ba6 {[%clk 0:15:53]}
9. b3 {[%clk 0:16:28]} O-O-O {[%clk 0:15:23]} 10. g3 {[%clk 0:16:16]} f6
{[%clk 0:14:19]} 11. Bg2 {[%clk 0:15:38]} fxe5 {[%clk 0:13:47]} 12. O-O
{[%clk 0:15:43]} Nf6 {[%clk 0:13:41]} 13. Bb2 {[%clk 0:15:44]} e4
{[%clk 0:13:32]} 14. Qd2 {[%clk 0:09:51]} Kb7 {[%clk 0:12:42]} 15. Nc3
{[%clk 0:08:16]} d5 {[%clk 0:12:29]} 16. Rfd1 {[%clk 0:07:31]} Qe6
{[%clk 0:08:06]} 17. Na4 {[%clk 0:07:40]} Be7 {[%clk 0:07:59]} 18. cxd5
{[%clk 0:05:08]} Rxd5 {[%clk 0:07:59]} 19. Qe3 {[%clk 0:04:53]} Rhd8
{[%clk 0:07:57]} 20. Re1 {[%clk 0:04:48]} Bb5 {[%clk 0:07:29]} 21. Bxf6
{[%clk 0:04:21]} Bxf6 {[%clk 0:07:27]} 22. Nc5+ {[%clk 0:04:24]} Rxc5
{[%clk 0:07:36]} 23. Qxc5 {[%clk 0:04:32]} Bxa1 {[%clk 0:07:01]} 24. Rxa1
{[%clk 0:04:41]} Qd5 {[%clk 0:06:48]} 25. Qe7 {[%clk 0:04:29]} Qd1+
{[%clk 0:05:54]} 26. Rxd1 {[%clk 0:04:28]} Rxd1+ {[%clk 0:06:03]} 27. Bf1
{[%clk 0:04:37]} Bxf1 {[%clk 0:06:11]} 28. h3 {[%clk 0:04:06]} Bxh3+
{[%clk 0:04:30]} 29. Kh2 {[%clk 0:04:15]} Bf5 {[%clk 0:04:23]} 30. Qb4+
{[%clk 0:04:12]} Ka6 {[%clk 0:04:31]} 31. Qc5 {[%clk 0:03:50]} Bd7
{[%clk 0:04:14]} 32. Qc4+ {[%clk 0:04:00]} Kb7 {[%clk 0:04:19]} 33. Qxe4
{[%clk 0:04:07]} g6 {[%clk 0:04:19]} 34. Qe2 {[%clk 0:02:00]} Rd5
{[%clk 0:04:20]} 35. Qc4 {[%clk 0:01:59]} h5 {[%clk 0:04:18]} 36. Qb4+
{[%clk 0:01:25]} Kc8 {[%clk 0:04:08]} 37. Qf8+ {[%clk 0:01:19]} Kb7
{[%clk 0:04:17]} 38. Qb4+ {[%clk 0:01:26]} Kc8 {[%clk 0:04:26]} 39. Kg2
{[%clk 0:01:10]} Bf5 {[%clk 0:04:29]} 40. f3 {[%clk 0:01:15]} a5 {[%clk 0:04:22]}
41. Qc3 {[%clk 0:01:21]} Kb7 {[%clk 0:04:28]} 42. Kf2 {[%clk 0:01:27]} Kb6
{[%clk 0:04:31]} 43. Ke2 {[%clk 0:01:22]} Kb7 {[%clk 0:04:33]} 44. Kf2
{[%clk 0:01:24]} Kb6 {[%clk 0:04:41]} 1/2-1/2

[Event "Team Championship (men rapid)"]
[Site "Sochi"]
[Date "2017.10.03"]
[Round "5.10"]
[White "Artemiev, Vladislav"]
[Black "Rozum, Ivan"]
[Result "1-0"]
[LiveChessVersion "1.4.8"]
[BlackElo "2592"]
[WhiteElo "2712"]

1. e4 {[%clk 0:15:16]} d6 {[%clk 0:15:16]} 2. d4 {[%clk 0:15:22]} Nf6
{[%clk 0:15:24]} 3. Nc3 {[%clk 0:15:30]} g6 {[%clk 0:15:33]} 4. Nf3
{[%clk 0:15:36]} Bg7 {[%clk 0:15:41]} 5. Be3 {[%clk 0:15:42]} c6 {[%clk 0:15:46]}
6. a4 {[%clk 0:15:50]} O-O {[%clk 0:15:48]} 7. h3 {[%clk 0:15:51]} Nbd7
{[%clk 0:15:53]} 8. a5 {[%clk 0:15:51]} e5 {[%clk 0:14:54]} 9. dxe5
{[%clk 0:15:48]} dxe5 {[%clk 0:14:25]} 10. Qd6 {[%clk 0:14:03]} Re8
{[%clk 0:14:32]} 11. Bc4 {[%clk 0:14:04]} Bf8 {[%clk 0:14:06]} 12. Qd3
{[%clk 0:14:12]} h6 {[%clk 0:12:52]} 13. Qd2 {[%clk 0:10:16]} Bb4
{[%clk 0:12:10]} 14. O-O {[%clk 0:09:18]} Qe7 {[%clk 0:07:30]} 15. Ra4
{[%clk 0:07:42]} Bxc3 {[%clk 0:05:32]} 16. Qxc3 {[%clk 0:07:21]} g5
{[%clk 0:05:32]} 17. h4 {[%clk 0:04:55]} Nh7 {[%clk 0:05:25]} 18. hxg5
{[%clk 0:04:54]} hxg5 {[%clk 0:05:34]} 19. Qd2 {[%clk 0:04:37]} Ndf8
{[%clk 0:02:41]} 20. Nxg5 {[%clk 0:04:26]} Be6 {[%clk 0:02:30]} 21. Nxe6
{[%clk 0:04:04]} Nxe6 {[%clk 0:02:39]} 22. Qe2 {[%clk 0:04:05]} Kh8
{[%clk 0:02:39]} 23. Qh5 {[%clk 0:03:52]} f6 {[%clk 0:02:37]} 24. g3
{[%clk 0:03:24]} Rg8 {[%clk 0:02:44]} 25. Qf5 {[%clk 0:02:34]} Rae8
{[%clk 0:02:20]} 26. Qxe6 {[%clk 0:02:21]} Qxe6 {[%clk 0:02:28]} 27. Bxe6
{[%clk 0:02:29]} Rxe6 {[%clk 0:02:37]} 28. Bxa7 {[%clk 0:02:36]} Rd8
{[%clk 0:02:44]} 29. Rb4 {[%clk 0:02:40]} Rd7 {[%clk 0:02:48]} 30. Be3
{[%clk 0:02:36]} Kg7 {[%clk 0:02:49]} 31. Ra1 {[%clk 0:02:30]} Ng5
{[%clk 0:02:45]} 32. Kg2 {[%clk 0:02:30]} Red6 {[%clk 0:02:25]} 33. Ra3
{[%clk 0:02:32]} Ne6 {[%clk 0:02:33]} 34. Rd3 {[%clk 0:01:18]} Rxd3
{[%clk 0:02:38]} 35. cxd3 {[%clk 0:01:27]} Kf7 {[%clk 0:02:41]} 36. Kf1
{[%clk 0:01:26]} Ke7 {[%clk 0:02:48]} 37. Ke2 {[%clk 0:01:33]} Kd8
{[%clk 0:02:57]} 38. Ra4 {[%clk 0:01:18]} Nc7 {[%clk 0:02:42]} 39. Bb6
{[%clk 0:01:17]} Kc8 {[%clk 0:02:48]} 40. Bxc7 {[%clk 0:01:14]} Kxc7
{[%clk 0:02:56]} 41. a6 {[%clk 0:01:23]} bxa6 42. Rxa6 {[%clk 0:01:32]} Rd4
{[%clk 0:03:10]} 43. Ra7+ {[%clk 0:01:36]} Kd6 {[%clk 0:03:19]} 44. Kd2
{[%clk 0:01:32]} Rb4 {[%clk 0:03:24]} 45. Kc3 {[%clk 0:01:36]} Rb8
{[%clk 0:03:32]} 46. Rf7 {[%clk 0:01:18]} Ke6 {[%clk 0:03:41]} 47. Rh7
{[%clk 0:01:26]} Ra8 {[%clk 0:03:47]} 48. f4 {[%clk 0:01:31]} Kd5 1-0

[Event "Team Championship (men rapid)"]
[Site "Sochi"]
[Date "2017.10.03"]
[Round "5.11"]
[White "Moiseenko, Vadim"]
[Black "Timofeev, Artyom"]
[Result "1/2-1/2"]
[LiveChessVersion "1.4.8"]
[BlackElo "2608"]
[WhiteElo "2540"]

1. d4 {[%clk 0:15:18]} d5 {[%clk 0:15:19]} 2. Bf4 {[%clk 0:15:06]} Nf6
{[%clk 0:15:14]} 3. e3 {[%clk 0:15:02]} e6 {[%clk 0:15:11]} 4. Nf3
{[%clk 0:14:47]} c5 {[%clk 0:15:02]} 5. Nbd2 {[%clk 0:13:55]} Bd6
{[%clk 0:14:58]} 6. Bb5+ {[%clk 0:13:18]} Nc6 {[%clk 0:15:04]} 7. Ne5
{[%clk 0:12:33]} Qc7 {[%clk 0:15:09]} 8. O-O {[%clk 0:12:01]} O-O
{[%clk 0:15:12]} 9. Ndf3 {[%clk 0:09:58]} Nd7 {[%clk 0:13:15]} 10. Nxd7
{[%clk 0:08:34]} Bxd7 {[%clk 0:13:24]} 11. Bxc6 {[%clk 0:07:35]} Qxc6
{[%clk 0:13:14]} 12. Ne5 {[%clk 0:07:17]} Bxe5 {[%clk 0:12:24]} 13. Bxe5
{[%clk 0:07:24]} f6 {[%clk 0:12:29]} 14. Bg3 {[%clk 0:07:33]} Be8
{[%clk 0:12:36]} 15. Rc1 {[%clk 0:07:23]} c4 {[%clk 0:12:24]} 16. Re1
{[%clk 0:07:13]} Bg6 {[%clk 0:12:32]} 17. f3 {[%clk 0:07:02]} Rfe8
{[%clk 0:11:47]} 18. Qd2 {[%clk 0:07:10]} b6 {[%clk 0:11:01]} 19. Kh1
{[%clk 0:05:50]} h6 {[%clk 0:10:55]} 20. c3 {[%clk 0:05:54]} e5 {[%clk 0:10:13]}
21. Rcd1 {[%clk 0:05:31]} Bd3 {[%clk 0:10:02]} 22. a3 {[%clk 0:05:01]} a5
{[%clk 0:09:35]} 23. Qf2 {[%clk 0:04:49]} b5 {[%clk 0:09:28]} 24. Rd2
{[%clk 0:04:15]} Rad8 {[%clk 0:07:54]} 25. Red1 {[%clk 0:04:04]} b4
{[%clk 0:07:05]} 26. axb4 {[%clk 0:04:12]} axb4 {[%clk 0:07:14]} 27. cxb4
{[%clk 0:03:31]} Qa4 {[%clk 0:07:03]} 28. h3 {[%clk 0:03:00]} Qxb4
{[%clk 0:07:04]} 29. Kh2 {[%clk 0:03:09]} e4 {[%clk 0:05:58]} 30. f4
{[%clk 0:02:56]} Ra8 {[%clk 0:06:06]} 31. f5 {[%clk 0:03:05]} Ra2
{[%clk 0:06:11]} 32. Bf4 {[%clk 0:03:07]} Qb7 {[%clk 0:04:38]} 33. Qg3
{[%clk 0:02:09]} Rxb2 {[%clk 0:04:32]} 34. Rxb2 {[%clk 0:02:04]} Qxb2
{[%clk 0:04:41]} 35. Bxh6 {[%clk 0:02:13]} Qb7 {[%clk 0:04:47]} 36. Rc1
{[%clk 0:01:58]} Rc8 {[%clk 0:04:50]} 37. Rc3 {[%clk 0:02:05]} Ra8
{[%clk 0:04:07]} 38. h4 {[%clk 0:02:14]} Qb8 {[%clk 0:03:35]} 39. Bf4
{[%clk 0:02:22]} Qb2 {[%clk 0:03:44]} 40. Bh6 {[%clk 0:02:17]} Qb8
{[%clk 0:03:09]} 41. Bf4 {[%clk 0:02:23]} Qb2 {[%clk 0:03:18]} 42. h5
{[%clk 0:01:36]} Qxc3 {[%clk 0:03:27]} 43. h6 {[%clk 0:01:46]} Ra7
{[%clk 0:03:36]} 44. Qg6 {[%clk 0:01:51]} Qe1 {[%clk 0:03:04]} 45. Qe8+
{[%clk 0:00:35]} Kh7 {[%clk 0:03:13]} 46. Qg6+ {[%clk 0:00:44]} Kg8
{[%clk 0:03:23]} 47. Bg5 {[%clk 0:00:22]} fxg5 {[%clk 0:03:10]} 48. Qe8+
{[%clk 0:00:16]} Kh7 {[%clk 0:03:19]} 49. Qg6+ {[%clk 0:00:24]} Kg8
{[%clk 0:03:28]} 50. Qe8+ {[%clk 0:00:21]} 1/2-1/2

[Event "Team Championship (men rapid)"]
[Site "Sochi"]
[Date "2017.10.03"]
[Round "5.12"]
[White "Sharafiev, Azat"]
[Black "Gogolev, Artem"]
[Result "1/2-1/2"]
[LiveChessVersion "1.4.8"]
[BlackElo "2316"]
[WhiteElo "2503"]

1. c4 {[%clk 0:15:17]} Nf6 {[%clk 0:15:19]} 2. Nc3 {[%clk 0:15:25]} e6
{[%clk 0:15:27]} 3. e4 {[%clk 0:15:08]} c5 {[%clk 0:15:35]} 4. Nf3
{[%clk 0:14:35]} Nc6 {[%clk 0:15:23]} 5. Be2 {[%clk 0:14:36]} d6 {[%clk 0:14:54]}
6. d4 {[%clk 0:14:41]} cxd4 {[%clk 0:15:00]} 7. Nxd4 {[%clk 0:14:50]} Be7
{[%clk 0:15:05]} 8. O-O {[%clk 0:14:47]} O-O {[%clk 0:15:10]} 9. Be3
{[%clk 0:14:45]} d5 {[%clk 0:14:18]} 10. exd5 {[%clk 0:12:03]} exd5
{[%clk 0:14:24]} 11. Nxc6 {[%clk 0:12:00]} bxc6 {[%clk 0:14:32]} 12. cxd5
{[%clk 0:12:08]} Nxd5 {[%clk 0:14:33]} 13. Nxd5 {[%clk 0:12:04]} cxd5
{[%clk 0:13:55]} 14. Bf3 {[%clk 0:12:07]} Be6 {[%clk 0:13:54]} 15. Qa4
{[%clk 0:11:55]} Qb8 {[%clk 0:12:22]} 16. b3 {[%clk 0:11:38]} Qb4
{[%clk 0:12:10]} 17. Qxb4 {[%clk 0:11:06]} Bxb4 {[%clk 0:12:14]} 18. Rfd1
{[%clk 0:10:52]} Rfd8 {[%clk 0:12:08]} 19. Rac1 {[%clk 0:10:56]} a5
{[%clk 0:12:10]} 20. Bc5 {[%clk 0:08:11]} h6 {[%clk 0:11:16]} 21. h3
{[%clk 0:07:49]} Rac8 {[%clk 0:08:52]} 22. Bb6 {[%clk 0:07:27]} Rxc1
{[%clk 0:07:56]} 23. Rxc1 {[%clk 0:07:31]} Rb8 {[%clk 0:06:58]} 24. Bd4
{[%clk 0:07:17]} Ra8 {[%clk 0:07:02]} 25. Bb2 {[%clk 0:05:05]} Bf8
{[%clk 0:06:52]} 26. Rd1 {[%clk 0:04:36]} a4 {[%clk 0:05:45]} 27. Bxd5
{[%clk 0:03:32]} Rd8 {[%clk 0:05:39]} 28. Bf3 {[%clk 0:03:38]} Rb8
{[%clk 0:05:40]} 29. Be5 {[%clk 0:03:11]} Rb5 {[%clk 0:05:46]} 30. Bg3
{[%clk 0:03:01]} axb3 {[%clk 0:05:53]} 31. axb3 {[%clk 0:03:09]} Be7
{[%clk 0:04:43]} 32. Ra1 {[%clk 0:03:14]} g6 {[%clk 0:03:22]} 33. Bc6
{[%clk 0:01:55]} Rxb3 {[%clk 0:03:28]} 34. Be5 {[%clk 0:02:04]} Ra3
{[%clk 0:03:33]} 35. Rxa3 {[%clk 0:01:58]} 1/2-1/2